| 000 | 00718cam a22002411 4500 | ||
|---|---|---|---|
| 999 |
_c9647 _d9647 |
||
| 001 | 9647 | ||
| 003 | BD-JhCC | ||
| 005 | 20180321162223.0 | ||
| 008 | 180321s1962 xx 000 0 eng | ||
| 035 | _a(BD-JhCC)9647 | ||
| 035 | _a(OCoLC)1024967 | ||
| 040 |
_aDLC _cPPi _dUk _dDLC _dBD-JhCC |
||
| 041 | _aeng | ||
| 050 | 0 | 0 |
_aPE1628 _b.O9 |
| 082 |
_a423 _bOXF 1962 |
||
| 245 | 0 | 0 |
_aOxford illustrated dictionary / _cText edited by J. Coulson [and others] Illus. edited by Helen Mary Petter. |
| 260 |
_aOxford : _bClarendon Press, _c1962. |
||
| 300 |
_axvi, 976 p. _billus. _c24 cm. |
||
| 650 | 0 |
_aEnglish language _vDictionaries. |
|
| 700 | 1 |
_aCoulson, Jessie, _d1903-1987, |
|
| 942 |
_2ddc _cREF |
||